Liam Neeson - Roles by Picture - Statistics

General Stats
  • This quiz has been taken 27 times
  • The average score is 11 of 99
Answer Stats
Picture Answer % Correct
Qui-Gon Jinn
75%
Oskar Schindler
60%
Aslan
50%
Bad Cop
40%
Bryan Mills
40%
Good Cop
40%
Rob Roy MacGregor
35%
John Ottway
30%
Darkman / Dr. Peyton Westlake
25%
Henri Ducard / Ra's al Ghul
25%
John 'Hannibal' Smith
20%
Liam Neeson
20%
Michael Collins
20%
Alfred Kinsey
15%
Bill Marks
15%
Daniel
15%
Jean Valjean
15%
Michael MacCauley
15%
'Priest' Vallon
15%
Adm. Terrance Shane
10%
Alex Lewis
10%
Chief Constable Byers
10%
Dr. Martin Harris
10%
Evangelist
10%
Fr. Sean
10%
Fujimoto
10%
Gen. Douglas MacArthur
10%
Godfrey de Ibelin
10%
Jahavus Dorahl
10%
Jerome Lovell
10%
John Paul Jones
10%
Michael Lamb
10%
Mike McCann
10%
Pa Cop
10%
Philip Marlowe
10%
The Monster
10%
Zeus
10%
Agent High T
5%
Alistair Little
5%
Bee Man
5%
Ben Ryan
5%
Blackie O'Neill
5%
Briar Gates
5%
Capt. Mikhail Polenin
5%
Carl Wayne Anderson
5%
Clinch Leatherwood
5%
Col. Morsman Carver
5%
Cristóvão Ferreira
5%
Customer
5%
Damon Pennington
5%
Daniel
5%
Danny Scoular
5%
David Stewart
5%
DEA Agent Charlie Mayough
5%
Dr. David Marrow
5%
Eliot Deacon
5%
Ethan Frome
5%
Father
5%
Fergus Lamb
5%
Franze-Otto Dietrich
5%
Fr. John Fielding
5%
Fr. Liam
5%
George Herbert
5%
Harry Rawlings
5%
History Channel Host
5%
Impresario
5%
Insp. André Trignant
5%
Jim Hanson
5%
Jimmy Conlon
5%
John Carns
5%
Kegan
5%
Leo Cutter
5%
Liam Docherty
5%
Mark Felt
5%
Mark Scudder
5%
Martin Brogan
5%
Martin Falcon
5%
Martin Perry
5%
Michael Gates
5%
Michael Leary
5%
Mr. Toffee
5%
Mustafa
5%
Nels Coxman
5%
Peter Ryman
5%
Peter Swan
5%
Phango
5%
Raccoon
5%
Robert Foster
5%
Seaman Charles Churchill
5%
Sean Carroon
5%
Sheriff Will Braverman
5%
Sir Gawain
5%
The Stranger
5%
Tom Dolan
5%
Tom Thompson
5%
Tony Aaron
5%
Totter
5%
Travis Block
5%
Christiana
0%
No matching quizzes found
Score Distribution
Percent of People with Each Score
Percentile by Number Answered
Your Score History
You have not taken this quiz